00940nac a22002411u 4500010001700000020002800017020001500045082001600060090001500076100003400091245013900125260005300264300003500317500002000352650005000372650005000422700002700472700002200499700002800521942001800549999001500567952011600582 a 2003064081 a1402017596 (alk. paper) a140201759600a620.1bG259 c2567d2567 a20080729 00aProblems of fracture mechanics and fatigue : a solution guideba solution guide /ceditors, E.E. Gdoutos, C.A. Rodopoulos, J.R. Yates. aBoston :bKluwer Academic Publishers,2003c2003. axxiv, 618 p. :bill. ;c25 cm. aIncludes index. 0aFracture mechanicsvProblems, exercises, etc. 0aMaterialsxFatiguevProblems, exercises, etc.1 aGdoutos, E. E.,d1948-1 aRodopoulos, C. A.1 aYates, J. R.q(John R.) cBBk620.1G259 c2567d2567 00104070aMAINbMAINc1STd2007-04-11ePurchasel1o620.1 PROp000001500r2025-07-15 00:00:00s2013-09-19yBB